| Поле | Название | Значение |
| |
Тип записи |
a |
| |
Библиографический уровень |
m |
| 001 |
Контрольный номер |
RU/SLIB/B/208744388 |
| 005 |
Дата корректировки |
20201206204107.8 |
| 010 |
Индекс ISBN |
__ |
| d |
Цена |
150-00 |
| 101 |
Язык документа |
__ |
| a |
Язык текста |
rus |
| c |
Язык оригинала |
rus |
| 200 |
Заглавие и сведения об ответственности |
1_ |
| a |
Заглавие |
Круговорот |
| e |
Сведения, относящиеся к заглавию |
Времена и судьбы |
| f |
Первые сведения об ответственности |
М. И. Стародубцева |
| b |
Общее обозначение материала |
Текст |
| 210 |
Выходные данные |
__ |
| a |
Место издания |
[М.] |
| c |
Издательство |
[б. и.] |
| d |
Дата издания |
[б. г.] |
| 215 |
Физическое описание |
__ |
| a |
Объем |
645 с. |
| c |
Иллюстрации/тип воспроизводства |
фотоил. |
| 300 |
Общие примечания |
__ |
| a |
Общие примечания |
Кн. с автогр. авт. |
| 330 |
Аннотация |
__ |
| a |
Аннотация |
Перед вами повествование о судьбах многих людей на протяжении почти ста лет. В книге дано описание жизни и быта Москвы, русской провинции, Петербурга-Петрограда-Ленинграда с его трагической блокадной судьбой. |
| 606 |
Тематические рубрики |
__ |
| a |
Основная рубрика |
Художественная литература |
| z |
Хронологическая подрубрика |
20 в. |
| y |
Географическая подрубрика |
Россия; Москва; Санкт-Петербург; Ленинград |
| 606 |
Тематические рубрики |
__ |
| a |
Основная рубрика |
Русская литература XX в. (произведения) |
| 610 |
Ключевые слова |
__ |
| a |
Ключевые слова |
войны; семьи; города; блокады; князья; провинции; проза; быт; воспоминания |
| 686 |
Индексы других классификаций |
__ |
| a |
Классификационный индекс |
84(2Рос=Рус)6-4 |
| 700 |
Автор |
_1 |
| a |
Фамилия |
Стародубцева |
| b |
Имя |
М. И. |
| 4 |
Код отношения |
070 |
| 702 |
Вторичная интеллектуальная ответственность |
_1 |
| a |
Фамилия |
Стародубцева |
| b |
Имя |
М. И. |
| 4 |
Код отношения |
Автор дарственной надписи |
| 4 |
Код отношения |
450 |
| 801 |
Источник записи |
_0 |
| a |
Страна |
RU |
| b |
Организация |
Муниципальное бюджетное учреждение культуры "Централизованная библиотечная система" г. Сургут (Центральная городская библиотека им. А. С. Пушкина) |
| g |
Правила каталогизации |
КиК/Поспелова |
| 801 |
Источник записи |
_1 |
| a |
Страна |
RU |
| b |
Организация |
Муниципальное бюджетное учреждение культуры "Централизованная библиотечная система" г. Сургут (Центральная городская библиотека им. А. С. Пушкина) |
| g |
Правила каталогизации |
КиК/Поспелова |
| 852 |
Данные о местонахождении |
__ |
| j |
Шифр хранения |
84(2Рос=Рус)6-4 |
| c |
Каталожный индекс |
84(2Рос=Рус)6-4 |
| i |
Авторский знак |
С 77 |
| p |
Инвентарный номер |
03090046 |
| 901 |
Тип документа |
__ |
| t |
Тип документа |
m |
| 903 |
Характеристики (МАРС) |
__ |
| a |
Дата передачи |
20030911 |
| 990 |
Данные о заказе (DOS) |
__ |
| j |
Количество экземпляров (DOS) |
1 |
| t |
N записи в КСУ для И/У (DOS) |
200309 |